000
00369nam a2200169Ia 4500
003
0100
008
130303s9999 xx 000 0 und d
040
_c
ARRUPELIB
050
_a
BL1420.H81951
100
_a
Humphreys, Christmas
245
_a
Buddhism
260
_a
Baltimore, Maryland
260
_b
Penguin Books
260
_C
1951
300
_a
256p
942
0
0
_0
1
999
_c
55340
_d
55340